[Event "Challenge"]
[Site "http://www.queenalice.com/game.php?id=226706"]
[Date "2007.6.17"]
[Round "-"]
[White "Lauermann"]
[Black "vininb"]
[Result "0-1"]
[WhiteElo "1644"]
[BlackElo "1448"]

1. e3 e5 2. Qh5 Nf6 3. Qxe5+ Be7 4. Bc4 d6 5. Qb5+ c6 6. Qa4 b5 7. Bxb5 cxb5 8.
Qxb5+ Bd7 9. Qb7 Nc6 10. Qb3 Rb8 11. Qd3 Ne5 12. Qf1 Qa5 13. b3 d5 14. f4 Neg4
15. Qf3 Ne4 16. Bb2 Nef2 17. Bxg7 Rg8 18. Bc3 Qa6 19. Qxd5 Nxh1 20. h3 Bh4+ 21.
Kd1 Qf1# 0-1

[Event "Challenge"]
[Site "http://www.queenalice.com/game.php?id=233873"]
[Date "2007.7.2"]
[Round "-"]
[White "Lauermann"]
[Black "manica76"]
[Result "0-1"]
[WhiteElo "1478"]
[BlackElo "1356"]

1. e3 Nc6 2. b3 e6 3. g3 Bb4 4. Bb2 Nf6 5. Bg2 d5 6. a3 Ba5 7. b4 Bb6 8. b5 Ne5
9. Bxe5 Bd7 10. Nh3 Ne4 11. Bxg7 Rg8 12. Bh6 Ba5 13. a4 Rg6 14. Bf4 a6 15. O-O
Qf6 16. Na3 Bxd2 17. Bxc7 e5 18. f3 Bxe3+ 19. Kh1 Nd2 20. Re1 d4 21. f4 Bg4 22.
fxe5 Qf5 23. Qc1 Bxh3 24. Bxb7 Nf3 25. Bc6+ Kf8 26. Rxe3 Nxh2 27. Be4 Qf2 28.
Bd6+ Kg8 29. Rf3 Qg2# 0-1

[Event "Challenge"]
[Site "http://www.queenalice.com/game.php?id=235416"]
[Date "2007.7.6"]
[Round "-"]
[White "Lauermann"]
[Black "Philipian"]
[Result "0-1"]
[WhiteElo "1534"]
[BlackElo "1070"]

1. d3 e5 2. g3 d5 3. b3 Nc6 4. e3 Bd6 5. Bg2 Be6 6. Bb2 Nf6 7. Nd2 Qd7 8. Ne2
O-O 9. c4 Rae8 10. Nc3 Bg4 11. f3 Bh3 12. Bxh3 Qxh3 13. Nb5 Bc5 14. Nxc7 Qg2 15.
Rf1 Rd8 16. g4 Bxe3 17. cxd5 Nb4 18. Bxe5 Nxd3# 0-1

[Event "Challenge"]
[Site "http://www.queenalice.com/game.php?id=244893"]
[Date "2007.7.24"]
[Round "-"]
[White "Lauermann"]
[Black "rafaelbdb"]
[Result "1-0"]
[WhiteElo "1455"]
[BlackElo "1452"]

1. e3 e5 2. Qh5 Nc6 3. Bc4 g6 4. Qf3 Nf6 5. g4 Bg7 6. g5 e4 7. Qf4 d5 8. gxf6
Qxf6 9. Qxf6 Bxf6 10. Bxd5 O-O 11. Bxe4 Be6 12. Nf3 Ne5 13. Nxe5 Bxe5 14. Bxb7
Rad8 15. d4 Bd5 16. Bxd5 Rxd5 17. dxe5 Rfd8 18. O-O Rxe5 19. Nd2 Rg5+ 20. Kh1
1-0

[Event "AUTO-OPEN-603"]
[Site "http://www.queenalice.com/game.php?id=246044"]
[Date "2007.7.26"]
[Round "2"]
[White "Lauermann"]
[Black "benamocarra"]
[Result "0-1"]
[WhiteElo "1494"]
[BlackElo "2083"]

1. e3 e5 2. Qh5 Nc6 3. Bc4 d5 4. Bb5 Bd6 5. b3 Nf6 6. Qd1 O-O 7. Nf3 e4 8. Ng5
Ng4 9. Bb2 Qxg5 10. h3 Qh4 11. g3 Bxg3 12. fxg3 Qxg3+ 13. Ke2 Qf2# 0-1

[Event "AUTO-OPEN-603"]
[Site "http://www.queenalice.com/game.php?id=246045"]
[Date "2007.7.26"]
[Round "2"]
[White "benamocarra"]
[Black "Lauermann"]
[Result "1-0"]
[WhiteElo "2111"]
[BlackElo "1457"]

1. e4 e6 2. d4 Qh4 3. Nc3 Bb4 4. Bd3 d5 5. Nf3 Qg4 6. exd5 exd5 7. O-O Bd6 8.
Re1+ Ne7 9. Nxd5 Be6 10. Re4 Qg6 11. Re5 Qg4 12. Rg5 Qxg5 13. Nxc7+ Bxc7 14.
Nxg5 h6 15. Nxe6 fxe6 16. Qh5+ g6 17. Bxg6+ Nxg6 18. Qxg6+ Kd7 19. Qg7+ 1-0

[Event "Challenge"]
[Site "http://www.queenalice.com/game.php?id=248482"]
[Date "2007.7.31"]
[Round "-"]
[White "Lauermann"]
[Black "Tiagoviegas"]
[Result "0-1"]
[WhiteElo "1516"]
[BlackElo "1410"]

1. e3 e5 2. Qh5 g6 3. Qxe5+ Qe7 4. Qxh8 Nh6 5. Qxh7 d5 6. Bb5+ c6 7. Bf1 Bf5 8.
b3 g5 9. Qh8 Nd7 10. Ba3 c5 11. Bb5 O-O-O 12. Qb2 Nb6 13. Nf3 g4 14. Ne5 a6 15.
Be2 Kc7 16. O-O Bg7 17. d4 f6 18. Nd3 Qe8 19. dxc5 Nd7 20. Nf4 Ne5 21. Nd2 Bf8
0-1

[Event "Challenge"]
[Site "http://www.queenalice.com/game.php?id=269100"]
[Date "2007.9.9"]
[Round "-"]
[White "Lauermann"]
[Black "tche_elvio"]
[Result "0-1"]
[WhiteElo "1471"]
[BlackElo "1437"]

1. e4 e5 2. Qh5 Nc6 3. Bc4 Qf6 4. b3 Bc5 5. Nh3 d5 6. g4 dxe4 7. g5 g6 8. Qe2
Qe7 9. Qxe4 Be6 10. Bb5 Qd6 11. Bf1 Nge7 12. Nc3 Qd4 13. Qxd4 Bxd4 14. Bb2 Nb4
15. Bb5+ c6 16. Be2 Nxc2+ 17. Kd1 Nxa1 18. Bxa1 Bxh3 19. a4 Be6 20. b4 Nd5 21.
Nxd5 Bxd5 22. Bxd4 O-O-O 23. Bxe5 Bxh1 24. Bxh8 Rxh8 0-1

[Event "AUTO-INT-377"]
[Site "http://www.queenalice.com/game.php?id=272605"]
[Date "2007.9.16"]
[Round "2"]
[White "Rusty"]
[Black "Lauermann"]
[Result "1-0"]
[WhiteElo "2376"]
[BlackElo "1450"]

1. d4 e6 2. c4 b6 3. Nc3 Bb7 4. e4 g6 5. Nf3 Ne7 6. Be2 Bg7 7. O-O O-O 8. Be3
Nbc6 9. d5 exd5 10. cxd5 Nb4 11. Rc1 Bxc3 12. bxc3 Nxa2 13. Rc2 Nxc3 14. Rxc3 d6
15. Bh6 Re8 16. Qd4 Nf5 17. exf5 f6 18. Bb5 Re5 19. fxg6 Rxd5 20. Bc4 c5 21.
Bxd5+ Bxd5 22. Qxd5+ 1-0

[Event "AUTO-INT-377"]
[Site "http://www.queenalice.com/game.php?id=272606"]
[Date "2007.9.16"]
[Round "2"]
[White "Lauermann"]
[Black "Rusty"]
[Result "0-1"]
[WhiteElo "1443"]
[BlackElo "2377"]

1. e3 e5 2. g3 d5 3. Qh5 Nc6 4. b3 Nf6 5. Qe2 Bd6 6. Bg2 O-O 7. Bb2 Bg4 8. f3
Bh5 9. g4 Bg6 10. Nh3 Bxc2 11. Nc3 d4 12. exd4 exd4 13. Ne4 Be5 14. Nxf6+ Bxf6
15. g5 Re8 16. gxf6 Rxe2+ 17. Kxe2 Qxf6 18. d3 Bxd3+ 19. Kxd3 Qg6+ 20. Kc4 Qc2+
21. Kb5 a6+ 22. Ka4 Qxb2 23. Ng5 b5# 0-1

[Event "AUTO-INT-377"]
[Site "http://www.queenalice.com/game.php?id=272607"]
[Date "2007.9.16"]
[Round "2"]
[White "Juanjo"]
[Black "Lauermann"]
[Result "1-0"]
[WhiteElo "2076"]
[BlackElo "1396"]

1. e4 e6 2. d4 b6 3. Bd3 g6 4. h4 Nc6 5. c3 Bb7 6. h5 g5 7. Nh3 g4 8. Qxg4 Nf6
9. Qh4 Be7 10. Bg5 e5 11. d5 Na5 12. h6 d6 13. b4 Nc6 14. dxc6 Bxc6 15. Nd2 b5
16. a4 bxa4 17. b5 Bb7 18. Rxa4 Rg8 19. c4 Qd7 20. Bxf6 Rxg2 21. Bf1 Rg6 22.
Bxe7 Qxe7 23. Qxe7+ Kxe7 24. f4 Rxh6 25. Rg1 Rg6 26. fxe5 dxe5 27. c5 a6 28. c6
1-0

[Event "AUTO-INT-377"]
[Site "http://www.queenalice.com/game.php?id=272608"]
[Date "2007.9.16"]
[Round "2"]
[White "Lauermann"]
[Black "Juanjo"]
[Result "0-1"]
[WhiteElo "1434"]
[BlackElo "2072"]

1. e3 d5 2. g3 Nf6 3. b3 e5 4. Bb2 Nc6 5. Bg2 Bg4 6. f3 Be6 7. Ne2 h5 8. h4 Bd6
9. d4 e4 10. fxe4 Nxe4 11. c4 Nxg3 12. Nxg3 Bxg3+ 13. Kf1 Rh6 14. c5 Bg4 15. Bf3
Rf6 16. Nd2 Rf5 17. Kg2 Bxh4 18. Rxh4 Qxh4 19. Bxg4 Rf2+ 0-1

[Event "AUTO-OPEN-561"]
[Site "http://www.queenalice.com/game.php?id=273453"]
[Date "2007.9.18"]
[Round "2"]
[White "marcosnatal"]
[Black "Lauermann"]
[Result "1-0"]
[WhiteElo "1850"]
[BlackElo "1430"]

1. d4 e6 2. c4 b6 3. Nc3 Bb7 4. Nf3 g6 5. e4 d5 6. cxd5 exd5 7. Qa4+ c6 8. exd5
Qe7+ 9. Ne5 Nd7 10. dxc6 Nc5 11. cxb7+ Nxa4 12. bxa8=Q+ Qd8 13. Bb5+ 1-0

[Event "AUTO-OPEN-561"]
[Site "http://www.queenalice.com/game.php?id=273454"]
[Date "2007.9.18"]
[Round "2"]
[White "Lauermann"]
[Black "marcosnatal"]
[Result "0-1"]
[WhiteElo "1432"]
[BlackElo "1830"]

1. e3 e5 2. b3 Nf6 3. Bb2 Nc6 4. g3 d6 5. Bg2 Bf5 6. d4 Nb4 7. dxe5 Nxc2+ 8. Kf1
dxe5 9. Qf3 Bd3+ 10. Ne2 e4 11. Qf5 Bxe2+ 12. Kg1 Qd1+ 0-1

[Event "AUTO-OPEN-561"]
[Site "http://www.queenalice.com/game.php?id=273463"]
[Date "2007.9.18"]
[Round "2"]
[White "jpzenitram"]
[Black "Lauermann"]
[Result "1-0"]
[WhiteElo "1918"]
[BlackElo "1452"]

1. e4 e6 2. d4 Qh4 3. Nc3 b6 4. Nf3 Qe7 5. Bd3 g6 6. b3 Bg7 7. Bb2 f5 8. e5 Nc6
9. O-O Nb4 10. Ba3 a5 11. Nb5 Qd8 12. Be2 c6 13. Nd6+ Kf8 14. c3 c5 15. cxb4
axb4 16. Bb2 h5 17. Qd3 Ba6 18. Qe3 Bxe2 19. Qxe2 Nh6 20. Rac1 Rxa2 21. Ra1 Qa8
22. Nh4 Rg8 23. Nxg6# 1-0

[Event "AUTO-OPEN-561"]
[Site "http://www.queenalice.com/game.php?id=273464"]
[Date "2007.9.18"]
[Round "2"]
[White "Lauermann"]
[Black "jpzenitram"]
[Result "0-1"]
[WhiteElo "1454"]
[BlackElo "1916"]

1. e3 d5 2. b3 e5 3. Bb2 Nc6 4. g3 Nf6 5. Bg2 Be6 6. Nf3 Bd6 7. Ng5 Bf5 8. O-O
e4 9. Qe2 Ng4 10. h4 h6 11. Nh3 Qd7 12. Bxg7 Rh7 13. Bb2 Nge5 14. Nc3 Qe6 15.
Nb5 a6 16. Nc3 Nb4 17. Qd1 Bxh3 18. Bxh3 Qxh3 19. a3 Nf3+ 20. Qxf3 exf3 21. axb4
Qg2# 0-1

[Event "AUTO-OPEN-561"]
[Site "http://www.queenalice.com/game.php?id=273471"]
[Date "2007.9.18"]
[Round "2"]
[White "Lauermann"]
[Black "diego2907"]
[Result "0-1"]
[WhiteElo "1448"]
[BlackElo "1713"]

1. e3 e5 2. g3 Bc5 3. b3 d6 4. Qg4 Bxg4 5. Bb2 Nf6 6. Bb5+ c6 7. Bc4 Ne4 8. f3
Nf6 9. fxg4 Nxg4 10. Ne2 Nd7 11. Nbc3 Nb6 12. O-O-O Nxc4 13. Ba1 Nf2 14. d3 Nxe3
15. Rhg1 Nfxd1 16. Nxd1 Nxd1 17. Rxd1 Qg5+ 18. Kb1 a5 19. h4 Qg4 20. Re1 a4 21.
c4 axb3 22. axb3 O-O 23. Bc3 Bd4 0-1

[Event "AUTO-OPEN-561"]
[Site "http://www.queenalice.com/game.php?id=273472"]
[Date "2007.9.18"]
[Round "2"]
[White "diego2907"]
[Black "Lauermann"]
[Result "1-0"]
[WhiteElo "1669"]
[BlackElo "1441"]

1. e4 e6 2. d4 b6 3. e5 Bb7 4. c3 g6 5. Nf3 c5 6. Bg5 Be7 7. Bxe7 Qxe7 8. Be2
cxd4 9. cxd4 Nc6 10. a3 O-O-O 11. Nc3 Na5 12. Qc2 Nh6 13. Nd5+ Qc5 14. Qxc5+
bxc5 15. Nc3 cxd4 16. Nxd4 Bxg2 17. Rg1 Bb7 18. Ndb5 Kb8 19. Nd6 Nb3 20. Rd1 Nc5
21. b4 Nb3 22. Nxb7 Rc8 23. Nc5 Nxc5 24. bxc5 Rxc5 25. Nb5 Rxe5 26. a4 1-0

[Event "Challenge"]
[Site "http://www.queenalice.com/game.php?id=282647"]
[Date "2007.10.7"]
[Round "-"]
[White "Lauermann"]
[Black "manica76"]
[Result "0-1"]
[WhiteElo "1413"]
[BlackElo "1381"]

1. e3 e5 2. Qh5 d6 3. g3 g6 4. Qe2 b6 5. Bg2 c6 6. b4 Be7 7. b5 c5 8. Bxa8 Nf6
9. Bb2 e4 10. Na3 Bg4 11. f3 exf3 12. Bxf3 h5 13. h3 Bf5 14. e4 Be6 15. e5 dxe5
16. Bxe5 Nbd7 17. Bb2 O-O 18. g4 Nd5 19. gxh5 Bh4+ 20. Kd1 Nf4 21. Qh2 Nxh5 22.
Bxh5 Nf6 23. Bf3 Re8 24. Qf4 Nh7 25. Qh6 Bf6 26. c3 Bg5 27. Qxg5 Nxg5 28. Bc6
Bd5 0-1

[Event "AUTO-OPEN-572"]
[Site "http://www.queenalice.com/game.php?id=284099"]
[Date "2007.10.10"]
[Round "2"]
[White "Lauermann"]
[Black "marcosnatal"]
[Result "0-1"]
[WhiteElo "1420"]
[BlackElo "1646"]

1. e3 Nf6 2. b3 Nc6 3. g3 e5 4. Bg2 d5 5. Qe2 Bf5 6. Bb2 Bxc2 7. Na3 Nb4 8. Bxe5
Nd3+ 9. Kf1 Bxa3 10. Nh3 Nxe5 11. Qb5+ c6 12. Qxb7 Bb2 13. Re1 Bd3+ 0-1

[Event "AUTO-OPEN-572"]
[Site "http://www.queenalice.com/game.php?id=284100"]
[Date "2007.10.10"]
[Round "2"]
[White "marcosnatal"]
[Black "Lauermann"]
[Result "1-0"]
[WhiteElo "1638"]
[BlackElo "1428"]

1. d4 e6 2. c4 Bb4+ 3. Bd2 Bf8 4. Nc3 b6 5. e4 g6 6. Nf3 Bb7 7. Bd3 Bg7 8. O-O
h5 9. e5 Nc6 10. Bg5 f6 11. Bxg6+ Kf8 12. Bh4 Nh6 13. d5 Nb4 14. dxe6 1-0